000 00354 a2200157 4500
001 71518
020 _a8508039921
040 _cAnchieta - Colégio São Paulo
100 _aCarmi, Eugenio
240 1 0 _aOs três astronautas
_lpor
245 1 0 _aOs três astronautas
300 _a[40]
362 0 _a1999
650 4 _aLiteratura infantil
942 _cBK
999 _c71518
_d71518